Statistics for Hozier songs

Click here to take the quiz!

General Stats

  • This quiz has been taken 285 times
  • The average score is 19 of 31

Answer Stats

xSong titles% Correct
1Take me to church
99%
3cherry wine
83%
11jackie and Wilson
78%
30almost
75%
7from Eden
75%
4like real people do
75%
2work song
75%
13Nina cried power
74%
6someone new
72%
5Movement
70%
12shrike
69%
8angel of small death and the codeine scene
67%
25sunlight
66%
10dinner & diatribes
64%
19be
61%
20in a week
58%
28sedated
58%
26talk
58%
17NFWMB
57%
22foreigners god
56%
14to be alone
55%
15would that I
55%
31run
54%
9arsonists lullaby
51%
16No plan
51%
24It will come back
50%
29nobody
50%
21as it was
48%
18in the woods somewhere
47%
27to noise making
42%
23moments silence
37%

Score Distribution

Percentile by Number Answered

Percent of People with Each Score

Your Score History

You have not taken this quiz